000 00712nam a22002177a 4500
005 20140313100408.0
008 140107b xxu||||| |||| 00| 0 eng d
020 _a9781849713412
050 _aQC 903
_b.Sm642 2013
100 _aSmith, Alison.
245 _aThe climate bonus :
_bco-benefits of climate policy /
_cAlison Smith.
260 _aLondon ; New York :
_bRoutledge/Earthscan,
_c2013.
300 _axxiv, 408 p. :
_bill. col. ;
_c23 cm.
504 _aIncludes Bibliographic References and Index.
521 _aEDU
650 _aClimate change mitigation.
650 _aRestoration ecology.
650 _aRestoration ecology
_xEconomic aspects.
942 _2lcc
_cBK
_kFOR
999 _c25914
_d25914